Administración (Registro nro. 2290)

Detalles MARC
000 -LEADER
fixed length control field 02062 a2200253 4500
001 - CONTROL NUMBER
control field 32511
005 - DATE AND TIME OF LATEST TRANSACTION
control field 20260407155623.0
008 - FIXED-LENGTH DATA ELEMENTS--GENERAL INFORMATION
fixed length control field 260407a1998 arg spa d
003 - CONTROL NUMBER IDENTIFIER
control field AR-UNSa-BCEJYS
040 ## - CATALOGING SOURCE
Original cataloging agency AR-UNSa-BCEJYS
Language of cataloging spa
Transcribing agency AR-UNSa-BCEJYS
080 ## - UNIVERSAL DECIMAL CLASSIFICATION NUMBER
Universal Decimal Classification number 658
Common auxiliary subdivision Administración de empresas. Organización comercial
100 1# - MAIN ENTRY--PERSONAL NAME
Personal name Koontz, Harold
245 10 - TITLE STATEMENT
Title Administración
Name of part/section of a work una perpectiva global
250 ## - EDITION STATEMENT
Edition statement 11a. ed
264 #1 - PRODUCTION, PUBLICATION, DISTRIBUTION, MANUFACTURE, AND COPYRIGHT NOTICE
Place of production, publication, distribution, manufacture México :
Name of producer, publisher, distributor, manufacturer Libros McGraw-Hill
Date of production, publication, distribution, manufacture, or copyright notice 1998
300 ## - PHYSICAL DESCRIPTION
Extent 796 p.
Dimensions 23 cm.
505 ## - FORMATTED CONTENTS NOTE
Formatted contents note I. El fundamento de la teoría y la práctica de la administración global: 1. Administración. ciencia, teoría y práctica - 2. Administración y sociedad: ambiente extrno, responsabilidad social y ética - 3. Administración global, comparada y de calidad - II. Planeación: 4. Naturaleza de la planeación y de los objetos - 5. Estrategias, políticas y premisas de planeación - 6. Toma de decisiones - III. Organización: 7 Naturaleza de la organización , el espíritu empresarial y la reingeniería - 8. Estructura organizacional: departamentalización - 9. Autoridad de linea/staff, empowerment y descentralización - 10. Organización eficaz y cultura organizacional - IV: 11. Administración y selección de recursos humanos - 12. Evaluación del desempeño y estrategia de desarrollo profesional - 13. Administración del cambio mediante el desarrollo de los administradores y de la organizción - V: Dirección: 14. Factores humanos y motivación - 15. Liderazgo - 16. Comités, equipo y toma grupal de decisiones - 17. Comunicación - VI: Control: 18. Sistema y proceso de control - 19. Técnicas de control y tecnología de la información - 20. Productividad, administración de operaciones y administración de calidad total - 21. Control general y orientación hacia el futuro por mdio del control preventivo.
590 ## - LOCAL NOTE (RLIN)
Local note niveau_biblio:m niveau_hierar:0
700 1# - ADDED ENTRY--PERSONAL NAME
Personal name Weihrich, Heinz
700 1# - ADDED ENTRY--PERSONAL NAME
Personal name Mercado González, Enrique
700 1# - ADDED ENTRY--PERSONAL NAME
Personal name Ríos Salay, Jorge
700 1# - ADDED ENTRY--PERSONAL NAME
Personal name Palafox de Anda, Gustavo
942 ## - ADDED ENTRY ELEMENTS (KOHA)
Koha item type
Existencias
Withdrawn status Lost status Damaged status Not for loan Home library Current library Shelving location Date acquired Total checkouts Full call number Barcode Date last seen Price effective from Koha item type
        Biblioteca Prof. Eusebio Cleto del Rey Biblioteca Prof. Eusebio Cleto del Rey   07/04/2026   658 K75 11ed. L22517 07/04/2026 07/04/2026 Libro